000 00406 a2200169 4500
001 46557
020 _a9788574122953
040 _cAnchieta - Aquarius
100 _aBrenman, Ilan
240 1 0 _a*Gabriel e a Copa do Mundo de 2014
_lpor
245 1 0 _a*Gabriel e a Copa do Mundo de 2014
300 _a
362 0 _a2013
440 1 _aBrinque-book
650 4 _aLiteratura infanto-juvenil
942 _cBK
999 _c46557
_d46557